[Event "Madrid San Viator op-A 26th"]
[Site "Madrid"]
[Date "2016.06.05"]
[Round "9"]
[White "Lobato Rivero, Carlos"]
[Black "Rodriguez Camarillo, Diana"]
[Result "1-0"]
[WhiteElo "1963"]
[BlackElo "1676"]
[PlyCount "31"]
[EventDate "2016.04.03"]
[EventType "swiss"]
[EventRounds "9"]
[EventCountry "ESP"]
[SourceTitle "EXT 2017"]
[Source "ChessBase"]
[SourceDate "2016.10.25"]
[SourceVersion "1"]
[SourceVersionDate "2016.10.25"]
[SourceQuality "1"]

1. e4 e6 2. d4 d5 3. Nd2 dxe4 4. Nxe4 Nf6 5. Nxf6+ Qxf6 6. Nf3 h6 7. Bd3 Bd6 8. Qe2 Nc6 9. c3 0-0 10. g4 Bf4 11. Qe4 Bd2+ 12. Bxd2 g6 13. Bxh6 Re8 14. 0-0-0 Bd7 15. h4 Ne7 16. Qe5 1-0

[Event "Madrid-ch (Women)"]
[Site "Madrid"]
[Date "2016.05.26"]
[Round "4"]
[White "Rodriguez Camarillo, Diana"]
[Black "Zhou, Lulu"]
[Result "0-1"]
[WhiteElo "1676"]
[BlackElo "1641"]
[PlyCount "114"]
[EventDate "2016.05.19"]
[EventType "tourn"]
[EventRounds "6"]
[EventCountry "ESP"]
[SourceTitle "EXT 2019"]
[Source "ChessBase"]
[SourceDate "2018.10.10"]
[SourceVersion "1"]
[SourceVersionDate "2018.10.10"]
[SourceQuality "1"]

1. c4 e5 2. d3 d6 3. Nf3 Nf6 4. Nbd2 g6 5. g3 Bg7 6. Bg2 0-0 7. 0-0 Nc6 8. a3 Nh5 9. e4 f5 10. b4 a6 11. Nb3 f4 12. Bb2 Be6 13. Qc2 g5 14. Rad1 Bf6 15. d4 g4 16. Ne1 f3 17. Bh1 exd4 18. Nxd4 Nxd4 19. Bxd4 b5 20. Bxf6 Rxf6 21. c5 Rh6 22. cxd6 Nf4 23. Bxf3 Nh3+ 24. Kg2 gxf3+ 25. Nxf3 cxd6 26. Qd2 Qf6 27. Qd4 Qf7 28. Qe3 Bg4 29. Rd5 Rf6 30. Ng5 Nxg5 31. Rxg5+ Rg6 32. Rxg6+ Qxg6 33. f3 Be6 34. Rd1 Rf8 35. Qd3 Qf7 36. f4 Bg4 37. Rd2 Qe7 38. Qd5+ Rf7 39. Rd4 Qc7 40. Rd2 Qc4 41. e5 dxe5 42. Qxc4 bxc4 43. fxe5 c3 44. Rc2 Rc7 45. Kf2 Bf5 46. Rc1 c2 47. Ke3 Rd7 48. Ke2 Kf7 49. h3 h5 50. a4 Ke6 51. b5 axb5 52. axb5 Kxe5 53. Ke1 Kd4 54. g4 hxg4 55. hxg4 Bg6 56. b6 Kc3 57. Ra1 Kb2 0-1

[Event "Madrid-ch (Women)"]
[Site "Madrid"]
[Date "2016.05.19"]
[Round "1"]
[White "Zhou, Lulu"]
[Black "Rodriguez Camarillo, Diana"]
[Result "1-0"]
[WhiteElo "1641"]
[BlackElo "1676"]
[PlyCount "57"]
[EventDate "2016.05.19"]
[EventType "tourn"]
[EventRounds "6"]
[EventCountry "ESP"]
[SourceTitle "EXT 2019"]
[Source "ChessBase"]
[SourceDate "2018.10.10"]
[SourceVersion "1"]
[SourceVersionDate "2018.10.10"]
[SourceQuality "1"]

1. e4 e6 2. d4 d5 3. Nc3 Nf6 4. e5 Nfd7 5. f4 c5 6. Nf3 Qb6 7. Be3 Qxb2 8. Nb5 Na6 9. Bd2 c4 10. a4 c3 11. Bxc3 Bb4 12. Bxb4 Qxb4+ 13. c3 Qa5 14. Nd6+ Ke7 15. Qb3 Kf8 16. Qa3 Kg8 17. f5 Qd8 18. fxe6 fxe6 19. Bd3 Nc7 20. 0-0 Ne8 21. Nxe8 Qxe8 22. Ng5 Nb6 23. Nf7 Bd7 24. a5 Nc4 25. Qc1 Qe7 26. Bxc4 dxc4 27. Qe3 Be8 28. Nxh8 Kxh8 29. Qg5 1-0

[Event "Madrid San Viator op-A 26th"]
[Site "Madrid"]
[Date "2016.05.08"]
[Round "5"]
[White "Del Noval Nemeshazi, Nesztor"]
[Black "Rodriguez Camarillo, Diana"]
[Result "1-0"]
[WhiteElo "1920"]
[BlackElo "1676"]
[PlyCount "67"]
[EventDate "2016.04.03"]
[EventType "swiss"]
[EventRounds "9"]
[EventCountry "ESP"]
[SourceTitle "EXT 2017"]
[Source "ChessBase"]
[SourceDate "2016.10.25"]
[SourceVersion "1"]
[SourceVersionDate "2016.10.25"]
[SourceQuality "1"]

1. e4 e6 2. d4 d5 3. Nc3 Nf6 4. Bg5 Bb4 5. e5 h6 6. Bd2 Bxc3 7. bxc3 Ne4 8. Qg4 g6 9. Qf4 c5 10. Bd3 Nxd2 11. Qxd2 Qa5 12. f4 Bd7 13. Nf3 Bb5 14. 0-0 cxd4 15. cxd4 Qa6 16. Bxb5+ Qxb5 17. g4 Nd7 18. a4 Qc6 19. a5 Rc8 20. c4 dxc4 21. f5 Qe4 22. fxe6 Qxg4+ 23. Kh1 fxe6 24. Qb4 Qe4 25. d5 Qxd5 26. Rad1 Qe4 27. Rxd7 Kxd7 28. Qd6+ Ke8 29. Qxe6+ Kd8 30. Rd1+ Qd3 31. Rxd3+ cxd3 32. Qf6+ Kd7 33. e6+ Kc7 34. Qe5+ 1-0

[Event "Madrid San Viator op-A 26th"]
[Site "Madrid"]
[Date "2016.04.10"]
[Round "2"]
[White "Rodriguez Camarillo, Diana"]
[Black "Garcia Galeote, Lorenzo"]
[Result "0-1"]
[WhiteElo "1676"]
[BlackElo "2026"]
[PlyCount "72"]
[EventDate "2016.04.03"]
[EventType "swiss"]
[EventRounds "9"]
[EventCountry "ESP"]
[SourceTitle "EXT 2017"]
[Source "ChessBase"]
[SourceDate "2016.10.25"]
[SourceVersion "1"]
[SourceVersionDate "2016.10.25"]
[SourceQuality "1"]

1. Nf3 b6 2. c4 Bb7 3. d3 g6 4. Nbd2 Bg7 5. g3 e5 6. Qc2 Ne7 7. Bg2 0-0 8. Rb1 c5 9. a3 Nbc6 10. 0-0 Nd4 11. Nxd4 Bxg2 12. Kxg2 exd4 13. Nf3 Nf5 14. Bf4 Re8 15. b4 d6 16. Rfe1 h6 17. Qa2 Qf6 18. a4 g5 19. Bd2 Re6 20. bxc5 bxc5 21. Rb7 Rae8 22. Ng1 h5 23. Rxa7 h4 24. a5 g4 25. Bf4 hxg3 26. Bxg3 Nh4+ 27. Kf1 Nf3 28. a6 Nxe1 29. Kxe1 Rb8 30. Rb7 Ree8 31. a7 Rxb7 32. a8Q Rb1+ 33. Kd2 Rxa8 34. Qxa8+ Kh7 35. Qe4+ Qg6 36. Qg2 Qg5+ 0-1